| 000 | 00518nam a2200181Ia 4500 | ||
|---|---|---|---|
| 005 | 20250508162534.0 | ||
| 008 | 008 250505s9999 xx 000 0 eng d | ||
| 037 | _aTextual | ||
| 040 |
_aFEDL _beng _cFEDL |
||
| 041 |
_aeng _2eng |
||
| 084 |
_a305.8, KOL _qFEDL |
||
| 100 | _aKolenda Pauline | ||
| 245 | 0 | _aCaste in contemporary India : Beyond organic solidarity | |
| 260 |
_aJaipur, India _bRawat Publications _c1984 |
||
| 300 | _a181p. | ||
| 942 |
_cTEXL _h305.8, KOL |
||
| 999 |
_c1377179 _d1377179 |
||